000 00303nam a22001337a 4500
008 170503b xxu||||| |||| 00| 0 eng d
020 _a9780314289759
041 _aeng
080 _a34
100 _a13
101 _aSHJ
245 _aCUIK REWIEW CONSTITUTIONAL LAW
_cPYGOSKI.P.J
942 _2udc
_cBK
999 _c12578
_d12578